La restructuration du secteur des entreprises : Le role des pouvoirs publics en temps de crise /

Examine les etapes de la restructuration du secteur des entreprises. La restructuration industrielle de grande envergure rendue indispensable par une crise financiere represente l'un des defis les plus redoutables qu'aient a affronter les responsables economiques. L'Etat est oblige d&...

Cijeli opis

Bibliografski detalji
Glavni autor: Stone, Mark
Format: Žurnal
Jezik:English
Izdano: Washington, D.C. : International Monetary Fund, 2003.
Serija:Economic Issues; Economic Issues ; No. 2002/004
Online pristup:Full text available on IMF
LEADER 01739cas a2200253 a 4500
001 AALejournalIMF012749
008 230101c9999 xx r poo 0 0eng d
020 |c 5.00 USD 
020 |z 9781589061972 
022 |a 1020-7724 
040 |a BD-DhAAL  |c BD-DhAAL 
100 1 |a Stone, Mark. 
240 1 0 |a La restructuration du secteur des entreprises: Le role des pouvoirs publics en temps de crise.  |l French 
245 1 0 |a La restructuration du secteur des entreprises :   |b Le role des pouvoirs publics en temps de crise /  |c Mark Stone. 
264 1 |a Washington, D.C. :  |b International Monetary Fund,  |c 2003. 
300 |a 1 online resource (32 pages) 
490 1 |a Economic Issues 
500 |a <strong>Off-Campus Access:</strong> No User ID or Password Required 
500 |a <strong>On-Campus Access:</strong> No User ID or Password Required 
506 |a Electronic access restricted to authorized BRAC University faculty, staff and students 
520 3 |a Examine les etapes de la restructuration du secteur des entreprises. La restructuration industrielle de grande envergure rendue indispensable par une crise financiere represente l'un des defis les plus redoutables qu'aient a affronter les responsables economiques. L'Etat est oblige d'assumer un role directeur, meme si c'est de maniere indirecte, car il faut hierarchiser les objectifs des politiques, remedier aux deficiences du marche, reformer les regimes juridique et fiscal, et surmonter la resistance de puissants groupes d'interets. 
538 |a Mode of access: Internet 
830 0 |a Economic Issues; Economic Issues ;  |v No. 2002/004 
856 4 0 |z Full text available on IMF  |u http://elibrary.imf.org/view/books/051/01387-9781589061972-fr/01387-9781589061972-fr-book.xml  |z IMF e-Library